000 00431nam a2200181Ia 4500
001 14485
005 20260306164917.0
008 260306t2002||||xx |||||||||||||| ||spa||
041 _aESP
082 _a515.1
_bS11 V. 2
100 _aSaavedra Alvarado, Teddy
_eAUT
245 0 _aAnálisis matemático II:
_bcálculo integral
260 _c2002
300 _a
_c
650 _aGEN
654 _aCMA
942 _cLIB
_dJUS
_fJUS
_2ddc
_n
999 _c14485
_d14485